| 000 | 00952nam a2200265 a 4500 | ||
|---|---|---|---|
| 999 |
_c11983 _d11983 |
||
| 001 | 11983 | ||
| 003 | BD-JhCC | ||
| 005 | 20210315084246.0 | ||
| 008 | 210301b19822020bg |||| ||a| 000 0 ben d | ||
| 020 | _a9844832594 | ||
| 035 | _a(BD-JhCC)11983 | ||
| 040 |
_aBD-JhCC _dBD-JhCC |
||
| 041 | _abengali | ||
| 082 |
_a301 _bKHA 2020 |
||
| 100 | _aখালদুন, ইবনে | ||
| 245 |
_aআল-মুকাদ্দিমা / _cইবনে খালদুন, অনুঃ গোলাম সামদানী কোরায়শী । |
||
| 260 |
_aঢাকা: _bদিব্য প্রকাশ; _c২০২০. |
||
| 300 |
_a455 p. : _c21 cm. |
||
| 490 | _aদ্বিতীয় খন্ড | ||
| 500 | _a(প্রথম খন্ড,দ্বিতীয় খন্ড) | ||
| 650 | _a Social Science | ||
| 700 | _a কোরায়শী,গোলাম সামদানী | ||
| 942 |
_2ddc _cBK |
||